Načítá se...

Bioprocessing technologies in biorefinery for sustainable production of fuels, chemicals, and polymers

Podrobná bibliografie
Hlavní autor: Thongchul, Nuttha,El Enshasy, Hesham. Shang Tian
Vydáno: Wiley 2013
LEADER 00319 a2200097 4500
020 |a 9781118642047 
100 |a Thongchul, Nuttha,El Enshasy, Hesham. Shang Tian 
245 |a Bioprocessing technologies in biorefinery for sustainable production of fuels, chemicals, and polymers 
260 |c 2013  |b Wiley 
942 |c BK  |6 _ 
999 |c 71385  |d 71385